Statistics for Euro 2021 Germany Squad

Click here to take the quiz!

General Stats

  • This quiz has been taken 15 times
  • The average score is 15 of 26

Answer Stats

HintAnswer% Correct
MidfielderJoshua Kimmich
93%
GoalkeeperManuel Neuer
93%
DefenderMats Hummels
86%
MidfielderIlkay Gundogan
79%
ForwardLeroy Sane
79%
ForwardSerge Gnabry
79%
ForwardThomas Muller
79%
DefenderAntonio Rudiger
71%
GoalkeeperBernd Leno
71%
MidfielderKai Havertz
71%
MidfielderLeon Goretzka
71%
ForwardTimo Werner
71%
MidfielderToni Kroos
71%
GoalkeeperKevin Trapp
64%
DefenderNiklas Sule
57%
DefenderRobin Gosens
50%
MidfielderEmre Can
43%
ForwardJamal Musiala
43%
DefenderMatthias Ginter
43%
ForwardKevin Volland
36%
DefenderChristian Gunter
29%
DefenderMarcel Halstenberg
29%
MidfielderFlorian Neuhaus
21%
MidfielderJonas Hofmann
21%
DefenderRobin Koch
21%
DefenderLukas Klosetermann
0%

Score Distribution

Percentile by Number Answered

Percent of People with Each Score

Your Score History

You have not taken this quiz